| 000 | 00924nam a2200289 i 4500 | ||
|---|---|---|---|
| 001 | 000013131 | ||
| 003 | DO-SdBNP | ||
| 005 | 20250319105353.0 | ||
| 007 | ta | ||
| 008 | 091120s1984 dr 000 f spa d | ||
| 040 |
_aDO-SdBNP _bspa _cBNPHU _erda |
||
| 041 | _hspa | ||
| 082 | 4 |
_aH843.4 _bS828a _222 |
|
| 100 | 1 |
_aStephen Alexis, Jacques, _eautor. _4aut. _930244 |
|
| 245 | 1 | 0 |
_aEn un abrir y cerrar de ojos / _cJacques Stephen Alexis ; prólogo, José Alcántara Almánzar. |
| 264 | 1 |
_aSanto Domingo : _bEdiciones Taller, _c1978. |
|
| 300 |
_a216 páginas ; _c21 cm. |
||
| 336 |
_btexto _2txt _ardacontent |
||
| 337 |
_asin mediación _bn _2rdamedia |
||
| 338 |
_avolumen _bnc _2rdacarrier |
||
| 590 | _aInventariado, 2024/ DG | ||
| 650 | 4 |
_aNovela haitiana _93196 |
|
| 650 | 4 |
_aLiteratura haitiana _93197 |
|
| 700 | 1 | 2 |
_aAlcántara Almánzar, José, _d1946- _eprologuista _4pr. _97018 |
| 910 | _aDG | ||
| 942 |
_2ddc _cLBS1 |
||
| 999 |
_c57983 _d57983 |
||